| 000 | 00972naa a22002657a 4500 | ||
|---|---|---|---|
| 001 | BR9201890 | ||
| 003 | BR-BrBNA | ||
| 005 | 20240918181507.0 | ||
| 007 | ta | ||
| 008 | 230509b bl.||||| |||| 00| 0 por d | ||
| 040 |
_aBR-BrBNA _bpor _cBiblioteca Nacional de Agricultura |
||
| 041 | _a(Pt) | ||
| 072 | _aN20 | ||
| 090 | _aN20 BR9201890 | ||
| 100 | 1 | _aStolf, R. | |
| 111 | 1 |
_a17. Congresso Brasileiro de Engenharia Agricola _cSorocaba, SP (Brazil) _d18-22 Jul 1988 |
|
| 245 | 1 | _aCinematica do subsolador giratorio ("Gyrotiller") | |
| 260 | 3 |
_aSorocaba, SP (Brasil): _c1988. |
|
| 500 | _a17. Congresso Brasileiro de Engenharia Agricola. Anais Sorocaba, SP (Brasil): 1988. v. 1 p. 156-166 (BR9201890-AM)N20 | ||
| 650 | _aSubsolador | ||
| 650 | _aModelo Matematico | ||
| 773 | 0 |
_t17. Congresso Brasileiro de Engenharia Agricola. Anais _wN20 BR9201890 _gSorocaba, SP (Brasil), 1988. v. 1 p. 156-166 |
|
| 909 |
_a202404 _bLucia _c55 _dLucia Elande |
||
| 942 |
_cAM _2AGRIS |
||
| 999 |
_c325497 _d325497 |
||